LEADER 00943nam a2200241 i 4500 001 000000147595 003 CaOOAMICUS 005 20230302124312.0 008 060207s1973 it u000 u ita u 040 $aSeMil$bita 100 1 $aNestle, Wilhelm <1865-1959>.$0(OLS)http://semarc/name/58520 245 10$aStoria della religiosità greca /$cWilhelm Nestle. 264 1$aFirenze :$bLa Nuova Italia,$c1973. 300 $aXII, 556 p. ;$c22 cm. 490 0 $aPaideia ;$v14 650 4$aReligione greca - Storia.$0(OLS)http://semarc/subject/3562 830 0$aPaideia ;$v14.$0(OLS)http://semarc/title/21427 850 $aSeMil 852 $aSeMil$W1$xVenegono$y1$m2R IV 348$j237972$B100138$CSeMilBibl$Z2$F108661 $81 961 $aOmaggio: Oneta don Marco 996 $6245$aStoria della religiosità greca$9(OLS)http://semarc/title/215798 996 $6264$aFirenze :$bLa Nuova Italia$9(OLS)http://semarc/publisher/30055 LEADER 01004nam a2200217 i 4500 001 000000211491 003 CaOOAMICUS 005 20260226120007.0 008 120302s1826 it u000 u ita u 013 $a190304 026 $aATAS a-la r-r- came (3) 1826 (R) 040 $aSeMil$bita 245 10$aVol. 1. 260 $aMilano :$bDalla Tip. di Gio. Silvestri,$c1826. 300 $aXIX, [1], 166, [2] p., [6] carte di tav. :$bill. 773 0 $aFontana, Giovanni $tNotti cristiane alle catacombe de' martiri nell'agro Romano corredate di note e d'iscrizioni del can. Giovanni Fontana. Volume 1. [-2.].$dMilano : Per Giovanni Silvestri, 1826.$kBiblioteca scelta di opere italiane antiche e moderne$g1$w()26396 850 $aSeMil 852 $aSeMil$W1$xVenegono$y1$m1S I 101 FA$j161931$B161931$CSeMilBibl$Z2$F173243 $8I 996 $6245$aVol. 1$9(OLS)http://semarc/title/13429 996 $6260$aMilano :$bDalla Tip. di Gio. Silvestri$9(OLS)http://semarc/publisher/36809